Logo CIB grande

JAVA AN INTRODUCTION TO PROBLEM SOLVING PROGRAMMING (Registro nro. 230043)

Detalles MARC
000 -LEADER
campo de control de longitud fija 00585nam a2200217Ia 4500
005 - FECHA Y HORA DE LA ÚLTIMA TRANSACCIÓN
campo de control 20250425162457.0
008 - DATOS DE LONGITUD FIJA--INFORMACIÓN GENERAL
campo de control de longitud fija 250425s9999 xx 000 0 und d
020 ## - NÚMERO INTERNACIONAL ESTÁNDAR DEL LIBRO
Número Internacional Estándar del Libro 9780136072256
041 ## - CÓDIGO DE IDIOMA
Código de lengua del texto/banda sonora o título independiente eng
082 ## - NÚMERO DE LA CLASIFICACIÓN DECIMAL DEWEY
Número de clasificación 005.86
010 ## - NÚMERO DE CONTROL DE LA BIBLIOTECA DEL CONGRESO
Número de control de LC 76634
100 ## - ENTRADA PRINCIPAL--NOMBRE DE PERSONA
Nombre de persona SAVITCH, WALTER
245 #0 - MENCIÓN DEL TÍTULO
Título JAVA AN INTRODUCTION TO PROBLEM SOLVING PROGRAMMING
250 ## - MENCION DE EDICION
Mención de edición 5TH ED.
260 ## - PUBLICACIÓN, DISTRIBUCIÓN, ETC.
Lugar de publicación, distribución, etc. Estados Unidos
Nombre del editor, distribuidor, etc. PEARSON EDUCATION
Fecha de publicación, distribución, etc. 2009
260 ## - PUBLICACIÓN, DISTRIBUCIÓN, ETC.
Lugar de publicación, distribución, etc. UPPER SADDLE RIVER
300 ## - DESCRIPCIÓN FÍSICA
Extensión 899
650 ## - PUNTO DE ACCESO ADICIONAL DE MATERIA--TÉRMINO DE MATERIA
Término de materia o nombre geográfico como elemento de entrada JAVA (LENGUAJE DE PROGRAMACION)
650 ## - PUNTO DE ACCESO ADICIONAL DE MATERIA--TÉRMINO DE MATERIA
Término de materia o nombre geográfico como elemento de entrada PROGRAMACION ORIENTADA A OBJETOS
942 ## - ELEMENTOS DE ENTRADA SECUNDARIOS (KOHA)
Tipo de ítem Koha Libros
Existencias
Estatus retirado Estado de pérdida Estado de daño No para préstamo Biblioteca de origen Biblioteca actual Ubicación en estantería Fecha de adquisición Coste, precio normal de compra Etiqueta RFID Total de préstamos Código de barras Copia número Tipo de ítem Koha
        CENTRO DE INFORMACIÓN BIBLIOTECARIA CENTRO DE INFORMACIÓN BIBLIOTECARIA   25/02/2011 129.00 0000000000000000000152   55050 1 Libros
        CENTRO DE INFORMACIÓN BIBLIOTECARIA CENTRO DE INFORMACIÓN BIBLIOTECARIA   25/02/2011 129.00     55051 2 Libros
        CENTRO DE INFORMACIÓN BIBLIOTECARIA CENTRO DE INFORMACIÓN BIBLIOTECARIA   23/08/2011 129.00 0000000000000000000151   56143 4 Libros

Copyright 2025 ESPOL. Todos los derechos reservados.